| 000 | 01000nam a2200265Ia 4500 | ||
|---|---|---|---|
| 003 | OSt | ||
| 005 | 20220918110706.0 | ||
| 006 | a|||||r|||| 00| 0 | ||
| 007 | ta | ||
| 008 | 220915b |||||||| |||| 00| 0 hin d | ||
| 020 | _c400 | ||
| 024 | _a276393 | ||
| 037 |
_b231, 29/09/2011, Eastern Book Linkers _cReference Collections |
||
| 040 |
_aARTS _cARTS _bhin |
||
| 041 |
_2hin _ahin |
||
| 082 | _aR65,6, 152Q0.2(RR) | ||
| 100 |
_aरामस्वरूप _99024 |
||
| 245 | 0 |
_aश्रीमद् भगवद्गीता _b एक वैदिक रहस्य |
|
| 246 | _aShrīmad bhagavadgītā: ek vaidik rahasya | ||
| 260 |
_aकांगड़ा _bवेद मंदिर प्रकाशन भारत _c2010 |
||
| 300 | _a594पृ0 | ||
| 650 |
_aभारतीय दर्शन _99025 |
||
| 942 |
_hR65,6, 152Q0.2(RR) _cREF |
||
| 999 |
_c114046 _d114046 |
||